| 000 | 00528nam a2200169 i 4500 | ||
|---|---|---|---|
| 001 | 88161 | ||
| 003 | ES-MaACL | ||
| 005 | 20230906175819.0 | ||
| 007 | t| | ||
| 008 | 050103s1948 sp ||||1| spa d | ||
| 100 | 1 |
_aLafuente Vidal, José. _969544 |
|
| 245 | 1 | 0 |
_aBreve historia documentada de Alicante en la Edad Antigua / _cpor José Lafuente Vidal. |
| 250 | _a1ª ed. | ||
| 260 |
_aAlicante : _b[s.n., _c1948] ( _fGráf. Gutenberg) |
||
| 300 |
_a112 p., 19 lám. : _bil. ; _c22 cm. |
||
| 852 |
_aES-MaACL _j1705-F-13 _bR.26522 |
||
| 999 |
_c88161 _d88161 |
||